000
00340nam a2200145Ia 4500
005
20250402012826.0
008
240331s9999 xx 000 0 und d
082
_b
THE
_a
894
100
_a
Theniyan,
245
0
_a
Marakokku
260
_a
Colombo
_b
Poobalasingam Book Depot
_c
1994
300
_a
182 p .,
650
_a
Social Novel
942
_c
L
999
_c
3823
_d
3823